MAASAI MARA UNIVERSITY

LIBRARY CATALOGUE

Contact Us: +254 020 2685356/7 or 0774 057787

Box: 861-20500, NAROK, KENYA

Email: info@mmarau.ac.ke

Grand mesa plateau interpretive plan: (Record no. 30026)

MARC details
000 -LEADER
fixed length control field nam a22 7a 4500
003 - CONTROL NUMBER IDENTIFIER
control field OSt
005 - DATE AND TIME OF LATEST TRANSACTION
control field 20171003123958.0
008 - FIXED-LENGTH DATA ELEMENTS--GENERAL INFORMATION
fixed length control field 171003b xxu||||| |||| 00| 0 eng d
040 ## - CATALOGING SOURCE
Original cataloging agency MMU
Language of cataloging eng
Transcribing agency MMU
Modifying agency MMU
050 ## - LIBRARY OF CONGRESS CALL NUMBER
Classification number GV272 .G736 2002
245 ## - TITLE STATEMENT
Title Grand mesa plateau interpretive plan:
Remainder of title grand mesa, uncompahgre and gunnison national forests grand junction and collbran ranger districts /
300 ## - PHYSICAL DESCRIPTION
Extent (Various pages ) .:
Other physical details ill.;
600 ## - SUBJECT ADDED ENTRY--PERSONAL NAME
Personal name Grand mesa plateau
942 ## - ADDED ENTRY ELEMENTS (KOHA)
Source of classification or shelving scheme Library of Congress Classification
Koha item type L
Holdings
Withdrawn status Lost status Source of classification or shelving scheme Damaged status Not for loan Home library Current library Date acquired Source of acquisition Total Checkouts Full call number Barcode Date last seen Price effective from Koha item type
    Library of Congress Classification     Maasai Mara University Library -Main Campus Maasai Mara University Library -Main Campus 10/03/2017 Donation -T4C   GV272 .G736 2002 17034828 10/03/2017 10/03/2017 L
© 2016 Maasai Mara University.